LEADER 01370nam 2200373Ia 450 001 996396338103316 005 20221108103039.0 035 $a(CKB)4330000000335726 035 $a(EEBO)2240942775 035 $a(OCoLC)12233892 035 $a(EXLCZ)994330000000335726 100 $a19850705d1686 uy | 101 0 $aeng 135 $aurbn||||a|bb| 200 14$aThe ancient sea-laws of Oleron, Wisby and the Hanse-towns still in force$b[electronic resource] $etaken out of a French book, intitled, Les us & coutumes de la mer and rendred into English, for use of navigation /$fby Guy Miege .. 210 $aLondon $cPrinted by J. Redmayne for T. Basset ...$d1686 215 $a28 p 300 $aReproduction of original in the University of Illinois (Urbana-Champaign Campus). Library. 330 $aeebo-0167 606 $aMaritime law$zEurope 606 $aWar, Maritime (International law)$vEarly works to 1800 615 0$aMaritime law 615 0$aWar, Maritime (International law) 700 $aCleirac$b Estienne$f1583-1657.$01017980 701 $aMiege$b Guy$f1644-1718?$01002359 801 0$bEAA 801 1$bEAA 801 2$bm/c 801 2$bOCL 801 2$bWaOLN 906 $aBOOK 912 $a996396338103316 996 $aThe ancient sea-laws of Oleron, Wisby and the Hanse-towns still in force$92391250 997 $aUNISA LEADER 01499nam 2200445 450 001 9910825274103321 005 20230810001041.0 010 $a0-85701-266-5 035 $a(CKB)3710000000856475 035 $a(MiAaPQ)EBC4653285 035 $a(EXLCZ)993710000000856475 100 $a20160308d2017 uy| 0 101 0 $aeng 135 $aurcnu|||||||| 181 $2rdacontent 182 $2rdamedia 183 $2rdacarrier 200 14$aThe fundamentals of acupuncture /$fNigel Ching ; foreword by Charles Buck 205 $aEnglish language edition. 210 1$aLondon ;$aPhiladelphia :$cSinging Dragon,$d2017. 215 $a1 online resource (754 pages) $cillustrations 300 $aTranslation of: Akupunkturens Grundprincipper / Nigel Ching. Klitrose Publishers, Copenhagen, Denmark, 2012. 311 $a1-84819-313-0 320 $aIncludes bibliographical references and index. 327 $aBasic principles -- The vital substances -- The internal organs -- The channels -- Acupuncture points -- Causes of disorder. 606 $aAcupuncture points 606 $aAcupuncture 606 $aMedicine, Chinese 615 0$aAcupuncture points. 615 0$aAcupuncture. 615 0$aMedicine, Chinese. 676 $a615.8/92 700 $aChing$b Nigel$f1962-$01648800 801 0$bMiAaPQ 801 1$bMiAaPQ 801 2$bMiAaPQ 906 $aBOOK 912 $a9910825274103321 996 $aThe fundamentals of acupuncture$93997202 997 $aUNINA